000
00203 a2200097 4500
001
10991
100
_a
Forsyth, F.
245
_a
The day of the Jackal
260
_a
_b
Gorgi Book
_c
090
_c
8559
_d
8559
942
_a
NUST-CAE
_c
M
_c
35332
999
_c
246064
_d
246064